000 004390000a22001810004500
003 LK-CoMWRAF
005 20230903080305.0
008 230817t1996 ||||| |||| 00| 0 eng d
020 _a0224042823
040 _aLK-CoMWRAF
_dLK-CoMWRAF
_eLK-CoMWRAF
041 _aeng
082 _a028.1
_bBRO
100 _aBrookner, Anita
245 _aAltered States
260 _aUnited Kingdom :
_bJonathan Cape,
_c1996
300 _a220p
942 _cBK
999 _c716
_d716